Artes e tradições de Barcelos (Registo nº 199646)

Detalhes MARC
000 -Etiqueta do registo
Valores 00648nam 22001693 4500
100 ## - Dados gerais de processamento
Dados gerais 20251218d u||y0pory50 ba
200 ## - Titulo e menção de responsabilidade
Título próprio Artes e tradições de Barcelos
Primeira menção de responsabilidade levantamento realizado pelo Centro de Estágio de Educação Visual, Escola Preparatória de Barcelos
210 ## - Publicação
Local de publicação Lisboa
Nome do editor Terra Livre
Data de publicação 1979
215 ## - Descrição física 
Paginação / Volumes 169, [11] p.
Outras indicações físicas il. ; brochado
Dimensões 21 cm
606 ## - Nome comum usado como assunto
ID Autoridade 2051
Palavra de ordem Antropologia Cultural. Etnologia. Etnografia. Usos e Costumes. Tradições. Modo de vida. Folclore
675 ## - CDU
Notação 39
Edição PT
Língua por
710 ## - Autor principal (colectividade)
ID Autoridade 15453
Nome da entidade Escola Preparatória de Barcelos
801 ## - Fonte de origem
País PT
Agência BMMN
Regras de catalogação RPC
830 ## - Notas gerais do catalogador
Criado por Vanda
990 ## - Elementos KOHA
Tipo de documento Livro
Exemplares
Situação do levantamento Biblioteca de origem Código de barras Cota Permissão de empréstimo Tipo de documento Forma de aquisição
  Biblioteca Municipal de Montemor-o-Novo 28578 39 ART|DEP   Livro Compra

Powered by Koha